<?xml version="1.0" encoding="UTF-8"?>
<marc:record xmlns:marc="http://www.loc.gov/MARC21/slim">
   <marc:leader>00000nam a2200000 a 4500</marc:leader>
   <marc:datafield ind1="1" ind2=" " tag="100">
      <marc:subfield code="a">Vesper, Elke</marc:subfield>
      <marc:subfield code="4">aut</marc:subfield>
      <marc:subfield code="e">Verfasser/-in</marc:subfield>
   </marc:datafield>
   <marc:datafield ind1=" " ind2=" " tag="653">
      <marc:subfield code="a">Erzählende Literatur: Gegenwartsliteratur ab 1945</marc:subfield>
   </marc:datafield>
   <marc:datafield ind1="0" ind2="0" tag="245">
      <marc:subfield code="a">Die Träume der Töchter</marc:subfield>
   </marc:datafield>
   <marc:datafield ind1="0" ind2="0" tag="245">
      <marc:subfield code="b">Roman</marc:subfield>
   </marc:datafield>
   <marc:datafield ind1="0" ind2="0" tag="245">
      <marc:subfield code="c">Elke Vesper</marc:subfield>
   </marc:datafield>
   <marc:datafield ind1=" " ind2="1" tag="264">
      <marc:subfield code="a">Frankfurt, M.</marc:subfield>
      <marc:subfield code="b">Fischer-Taschenbuch-Verl.</marc:subfield>
      <marc:subfield code="c">2012</marc:subfield>
   </marc:datafield>
   <marc:datafield ind1="1" ind2=" " tag="490">
      <marc:subfield code="a">Fischer</marc:subfield>
   </marc:datafield>
   <marc:datafield ind1="1" ind2=" " tag="520">
      <marc:subfield code="a">Angaben aus der Verlagsmeldung

Die Träume der Töchter / von Elke Vesper

Die Familie Wolkenrath kommt 1920 von Dresden nach Hamburg. Die Mutter kauft von geerbten Goldstücken ein großes Haus, das zum Lebensmittelpunkt für die ganze Familie wird. Die Töchter Lysbeth und Stella feiern 1922 Doppelhochzeit. Doch beide werden ihr Glück nicht als Ehefrau und Mutter finden: Lysbeths Ehe wird bald geschieden. Mit Hilfe von Aaron, einem jungen Studenten, beginnt sie heimlich ein Medizinstudium. Stella geht mit ihrem Mann Jonny nach Afrika und verliebt sich in das Land und seine Bewohner. Doch Jonny ist nicht nur im Umgang mit den Schwarzen brutal, auch Stella behandelt er schlecht. Schließlich kehrt sie ohne ihn nach Hamburg zurück. Gemeinsam meistern die beiden so unterschiedlichen Schwestern die Herausforderungen der Zeit - und bewahren ihr großes Geheimnis.
</marc:subfield>
   </marc:datafield>
   <marc:datafield ind1=" " ind2=" " tag="020">
      <marc:subfield code="a">9783596180165</marc:subfield>
      <marc:subfield code="9">9783596180165</marc:subfield>
   </marc:datafield>
   <marc:datafield ind1=" " ind2=" " tag="300">
      <marc:subfield code="a">603 S.</marc:subfield>
   </marc:datafield>
</marc:record>
